| 000 | 00756nam a2200217Ia 4500 | ||
|---|---|---|---|
| 001 | 3065 | ||
| 003 | GE_BSU | ||
| 008 | 181216s||||||||xx |||||||||||||| ||und|| | ||
| 020 | _a5870880319 | ||
| 040 | _cGE_BSU | ||
| 080 | _a334+658(075.8) | ||
| 245 | _aОрганизация внешнеэкономической деятельности предприятий | ||
| 245 | _bУчебное пособие | ||
| 245 | _cФедорова, Е. А. Савенков, В.А. Белоцерковский, В. И. | ||
| 260 | _aТула | ||
| 260 | _c1997 | ||
| 300 | _a496 с. 29 см. | ||
| 541 | _h22 л. 55 т. | ||
| 653 | _aОрганизация внешнеэкономической деятельности предприятий | ||
| 942 | _cBK | ||
| 999 |
_c37109 _d37109 |
||